Normal view
MARC view
- Monetary policy
Entry Topical Term
001 - CONTROL NUMBER
- control field: 14656
003 - CONTROL NUMBER IDENTIFIER
- control field: NUST
005 - DATE AND TIME OF LATEST TRANSACTION
- control field: 20190530093742.0
008 - FIXED-LENGTH DATA ELEMENTS
- fixed length control field: 190530|| aca||aabn | a|a d
040 ## - CATALOGING SOURCE
- Original cataloging agency: NUST
- Transcribing agency: NUST
150 ## - HEADING--TOPICAL TERM
- Topical term or geographic name entry element: Monetary policy
- General subdivision: History
- General subdivision: 20th century.
670 ## - SOURCE DATA FOUND
- Source citation: Work cat.: (NUST)0: Steil, Benn. 14652, The battle of Bretton Woods :, c2013.
